00688 2200241 4500001002100000005001500021035002500036245007900061260004200140300004300182008004100225082001400266084001600280100002100296500003000317650001400347040001700361090001800378850001200396041000800408990001200416990001800428YOGYA00000000004810120190109095843 a0010-08140000004781910aGewijde verhalen en legenden van Hindoes en Boeddhisten /cH.J.W. Salomons2 aZutphen :bW.J. Thieme & Cie,c[1884] axvi, 408 halaman :bilustrasi ;c22 cm190109 f 0 dut 04223a294.3 a294.3 SAL g1 aSalomons, H.J.W. aTeks dalam bahasa Belanda 4aBuddhisme aYOPDYOGbind aL 294.3 SAL g aYOPDYOG0 adut a43278-a a61791-PD/A.18